| 000 | 00825cab a2200277 4500 | ||
|---|---|---|---|
| 001 | WB3429-41 | ||
| 008 | 090401t1998 xxu||||| |||| 00| 0 eng d | ||
| 035 | _a(Sirsi) u87775 | ||
| 041 | _aeng | ||
| 245 | _aNon-domestic rating valuations | ||
| 260 | _c1998 | ||
| 350 | _a0 | ||
| 490 |
_aDETR News Release _v(637) 29 July 1998, (2) |
||
| 520 | _aLegislation on valuations for non-domestic rating purposes is to be clarified. Refers to the decision in "Benjamin v Anston Properties". | ||
| 650 | _aBENJAMIN V ANSTON PROPERTIES | ||
| 650 | _aBUSINESS PROPERTY | ||
| 650 | _aCONDITION | ||
| 650 | _aLEGISLATION | ||
| 650 | _aNON-DOMESTIC RATING | ||
| 650 | _aSTATE OF REPAIR | ||
| 650 | _aVALUATION DATE | ||
| 650 |
_aValuation _96273 |
||
| 690 | _aRATING AND VALUATION | ||
| 942 | _n0 | ||
| 948 | _c31/07/1998 | ||
| 999 |
_c55382 _d55382 |
||